Doing business 2009 (Record no. 31934)
[ view plain ]
| 000 -LEADER | |
|---|---|
| fixed length control field | 01603nam a2200397Ia 4500 |
| 245 00 - TITLE STATEMENT | |
| Title | Doing business 2009 |
| 260 ## - PUBLICATION, DISTRIBUTION, ETC. (IMPRINT) | |
| Place of publication | Washington, D.C. : |
| Name of publisher | World Bank ; |
| Place of publication | [Basingstoke : |
| Name of publisher | Distributed by Palgrave], |
| Year of publication | c2008. |
| 300 ## - PHYSICAL DESCRIPTION | |
| Number of Pages | ix, 195 p. : |
| Other physical details | col. ill. |
| 500 ## - GENERAL NOTE | |
| General note | "A copublication of the World Bank, International Finance Corporation, and Palgrave." |
| 650 #0 - SUBJECT ADDED ENTRY--TOPICAL TERM | |
| Topical Term | Trade regulation. |
| Topical Term | Commerce. |
| Topical Term | Business |
| Topical Term | Costs, Industrial |
| Topical Term | Economic indicators. |
| Topical Term | Commercial law. |
| Topical Term | Comparative economics. |
| 856 40 - ELECTRONIC LOCATION AND ACCESS | |
| Uniform Resource Identifier | http://site.ebrary.com/lib/rucke/Doc?id=10252453 |
No items available.
